| 000 | 00905nam a22002417a 4500 | ||
|---|---|---|---|
| 003 | SISC | ||
| 005 | 20170926113017.0 | ||
| 008 | 170926b xxu||||| |||| 00| 0 eng d | ||
| 020 | _a9781921917097 | ||
| 050 |
_aQA 43 _b.M384 2012 |
||
| 245 |
_aMathematics higher level core / _cFabio Cirrito, editor ; Nigel Buckle, Iain Dunbar, contributing authors |
||
| 250 | _a4th edition | ||
| 260 |
_aVictoria : _bIBID Press, _c2012. |
||
| 300 |
_axx, 1074 pages : _bcolor illustrations ; _c28 cm. |
||
| 440 | _aInternational Baccalaureate in Detail | ||
| 650 |
_2Library of Congress Subject Headings _aMathematics _vStudy and teaching |
||
| 650 |
_2Library of Congress Subject Headings _aInternational Baccalaureate |
||
| 700 |
_aCirrito, Fabio _eEditor |
||
| 700 |
_aBuckle, Nigel _eContributing author |
||
| 700 |
_aDunbar, Iain _eContributing author |
||
| 942 |
_2lcc _cBK _e4th edition |
||
| 999 |
_c344407 _d344407 |
||